Visualizzazione normale
Vista MARC
- L. De Poncins
di Personal Name
Records bibliografici associati: 1
001 - CONTROL NUMBER
- control field: 34200
003 - CONTROL NUMBER IDENTIFIER
- control field: IT-RoPau
005 - DATE AND TIME OF LATEST TRANSACTION
- control field: 20150428224332.0
008 - FIXED-LENGTH DATA ELEMENTS
- fixed length control field: 150428|| aca||aabn | a|a d
040 ## - CATALOGING SOURCE
- Original cataloging agency: IT-RoPau
- Transcribing agency: IT-RoPau
100 ## - HEADING--PERSONAL NAME
- Personal name: L. De Poncins
670 ## - SOURCE DATA FOUND
- Source citation: Work cat.: (IT-RoPau)6821: E. Malinsky 34199, La guerra occulta. Armi e fasi dell'attacco ebraico-massonico alla tradizione europea